000 00408nam a2200169Ia 4500
001 6903
003 IN-NITTTR
005 20251114233023.0
008 251113s9999||||xx |||||||||||||| ||eng||
040 _beng
040 _cIN-NITTTR
041 _aeng
082 _a621.38933 S72S
100 _aSessions, Ken W.
245 0 _aStereo/ quad hi- fi principles & projects. /
_cSessions, Ken W.
942 _2ddc
_cBK
999 _c9541
_d9541